|
|
|
|
| LEADER |
00986nam a2200241 a 4500 |
| 001 |
013414756 |
| 008 |
090702s2006 enka b 001 0 eng d |
| 999 |
|
|
|c 2104
|d 2104
|
| 020 |
|
|
|a 9780500286364
|
| 040 |
|
|
|a StDuBDS
|b eng
|c StDuBDS
|d Uk
|
| 082 |
0 |
4 |
|a 741.660942733
|2 22
|
| 100 |
1 |
|
|a Robertson, Matthew.
|9 31883
|
| 245 |
1 |
0 |
|a Factory records :
|b the complete graphic album /
|c Matthew Robertson ; foreword by Tony Wilson.
|
| 260 |
|
|
|a London :
|b Thames & Hudson,
|c 2006.
|
| 300 |
|
|
|a 224 p. :
|b col. ill. ;
|c 30 cm.
|
| 500 |
|
|
|a Formerly CIP.
|5 Uk
|
| 504 |
|
|
|a Includes bibliographical references and index.
|
| 526 |
|
|
|a ARC
|
| 541 |
1 |
|
|e 00017345
|
| 650 |
0 |
|
|a Sound recordings
|x Album covers
|z England
|z Manchester.
|9 31884
|
| 852 |
4 |
|
|a Ayesha Abed Library
|j General Shelf.
|
| 942 |
|
|
|2 ddc
|c BK
|
| 952 |
|
|
|0 0
|1 0
|2 ddc
|4 0
|6 741_660942733000000_ROB_2006
|7 0
|9 1936
|a BRACUL
|b BRACUL
|c GEN
|d 2009-07-07
|g 70.00
|l 4
|m 41
|o 741.660942733 ROB
|p 3010017345
|r 2024-05-13
|s 2024-04-30
|t 1
|w 2009-07-07
|y BK
|